Debate Serie de Investigación /
Պահպանված է:
| Ձևաչափ: | Գիրք |
|---|---|
| Լեզու: | Spanish |
| Հրապարակվել է: |
San Salvador, El Salvador :
FLACSO EL SALVADOR,
2005-
|
| Խորագրեր: | |
| Ցուցիչներ: |
Ավելացրեք ցուցիչ
Չկան պիտակներ, Եղեք առաջինը, ով նշում է այս գրառումը!
|
MARC
| LEADER | 00000nam a22000007a 4500 | ||
|---|---|---|---|
| 003 | cru CIDCACS/IIS | ||
| 005 | 20240112150142.0 | ||
| 008 | 240112b |||||||| |||| 00| 0 spa d | ||
| 040 | |c cru CIDCACS/IIS | ||
| 090 | |a REV1687 | ||
| 245 | 1 | |a Debate Serie de Investigación / |c FLACSO EL SALVADOR | |
| 260 | |a San Salvador, El Salvador : |b FLACSO EL SALVADOR, |c 2005- | ||
| 270 | |a 9º Calle Poniete No.3807 entre 73º y 75º Avenida Norte, Colonia Escalón. San Salvador, El Salvador, Centroamérica | ||
| 500 | |a EXISTENCIAS : 2005(1) 2006(2) 2007(3,4,5) Recurso electrónico | ||
| 500 | |a Colección Centroamérica | ||
| 650 | 0 | |a CIENCIAS SOCIALES |9 75 | |
| 650 | 0 | |a PROBLEMAS SOCIALES |9 839 | |
| 650 | 0 | |a DEMOCRACIA |9 83 | |
| 650 | 0 | |a GOBIERNO |9 4911 | |
| 942 | |2 ddc |c PP | ||
| 999 | |c 45449 |d 45449 | ||
